Capitales d'Europe - Statistiques

Statistiques générales
  • Ce quiz a été pris 1 589 fois
    1 559 depuis la dernière actualisation
  • Le résultat moyen est 37 sur 46
Statistiques - réponses
Pays Capitale % Correct
Allemagne Berlin
98%
France Paris
96%
Belgique Bruxelles
95%
Espagne Madrid
95%
Italie Rome
94%
Grèce Athènes
93%
Royaume-Uni Londres
93%
Luxembourg Luxembourg
93%
Autriche Vienne
93%
Monaco Monaco
92%
Russie Moscou
92%
Portugal Lisbonne
91%
Pays-Bas Amsterdam
89%
Irlande Dublin
89%
Norvège Oslo
89%
Hongrie Budapest
88%
Vatican Vatican
88%
Danemark Copenhague
87%
Suisse Berne
86%
Ukraine Kiev
86%
Roumanie Bucarest
85%
Pologne Varsovie
85%
Finlande Helsinki
84%
Bulgarie Sofia
84%
Andorre Andorre-la-Vieille
82%
Saint-Marin Saint-Marin
82%
Suède Stockholm
81%
Croatie Zagreb
81%
République Tchèque Prague
80%
Malte La Valette
78%
Biélorussie Minsk
75%
Bosnie Herzégovine Sarajevo
74%
Albanie Tirana
74%
Lettonie Riga
72%
Islande Reykjavik
70%
Lituanie Vilnius
68%
Serbie Belgrade
65%
Slovaquie Bratislava
65%
Estonie Tallinn
63%
Chypre Nicosie
62%
Liechtenstein Vaduz
60%
Kosovo Pristina
55%
Macédoine Skopje
55%
Moldavie Chisinau
53%
Slovénie Ljubljana
51%
Monténégro Podgorica
49%
Aucun quiz correspondant
Distribution des résultats
% des personnes avec chaque résultat
Percentile par nombre de réponses
Votre historique - résultats
Vous n’avez pas pris ce quiz depuis la dernière actualisation